Из поездки по английским машиностроительным заводам: краткий очерк современного состояния английского машиностроения и позднейших успехов в конструировании станков для обработки металлов

Dettagli Bibliografici
Autore principale: Холмогоров И. М.
Riassunto:Текст в русской дореформенной орфографии
Lingua:russo
Pubblicazione: Санкт-Петербург, Издание А. С. Суворина, 1907
Soggetti:
Natura: MixedMaterials Libro
KOHA link:https://koha.lib.tpu.ru/cgi-bin/koha/opac-detail.pl?biblionumber=277598

MARC

LEADER 00000nam0a2200000 4500
001 277598
005 20231101235030.0
035 |a (RuTPU)RU\TPU\book\300874 
090 |a 277598 
100 |a 20141204d1907 m y0rusy50 ca 
101 0 |a rus 
102 |a RU 
105 |a a z 000zy 
200 1 |a Из поездки по английским машиностроительным заводам  |e краткий очерк современного состояния английского машиностроения и позднейших успехов в конструировании станков для обработки металлов  |f И. М. Холмогоров 
210 |a Санкт-Петербург  |c Издание А. С. Суворина  |d 1907 
215 |a VII, 124 с.  |c ил. 
300 |a Текст в русской дореформенной орфографии 
316 |5 63413507: М-133210  |a На титульном листе владельческая подпись: "Бутаков", штамп-экслибрис и штамп книжного магазина В. А. Феофанова г. Томск 
317 |5 63413507: М-133210  |a Поступила в НТБ в 1970 г. в составе книжного собрания профессора ТПИ И. Н. Бутакова 
606 1 |a Машиностроительные заводы  |2 stltpush  |3 (RuTPU)RU\TPU\subj\41537  |9 61327 
610 1 |a Англия 
610 1 |a машиностроение 
610 1 |a описание 
610 1 |a металлообрабатывающие станки 
610 1 |a конструирование 
610 1 |a 20 век 
610 1 |a владельческая надпись 
610 1 |a библиотека И. Н. Бутакова 
675 |a 621.002  |v 3 
675 |a 09  |v 3 
700 1 |a Холмогоров  |b И. М. 
801 1 |a RU  |b 63413507  |c 20141204 
801 2 |a RU  |b 63413507  |c 20190912  |g RCR 
942 |c BK